000 03295cam a2200409 a 4500
999 _c20771
_d20771
001 12532133
003 OSt
005 20200609151924.0
008 010716s2001 ii b b 001 0 eng
010 _a 2001361481
020 _a0195650190
020 _a9780195650198
025 _aI-E-2001-361481; 60-92
035 _a(DLC) 200136148
037 _bLibrary of Congress -- New Delhi Field Office
_cRs695.00
040 _aDLC
_coclc
_dDLC
042 _alcode
043 _ai------
050 0 0 _aHF3785
_b.D374 2001
082 0 0 _a387.509165
_bGUP/W
100 _aGupta, Ashin Das
_92706
245 1 4 _aThe world of the Indian Ocean merchant, 1500-1800 :
_bcollected essays of Ashin Das Gupta /
_ccompiled by Uma Das Gupta.
260 _aNew Delhi ;
_aNew York :
_bOxford University Press,
_cc2001.
300 _a511 p. :
_c.
504 _aIncludes bibliographical references and index.
505 8 _aMachine generated contents note: PART I -- 1. The Maritime Merchant and Indian History -- 2. India and the Indian Ocean, c. 1500-1800: The Story -- 3 Indian Merchants and Trade in the Indian Ocean, c. -- 1500-1750 -- 4. The Maritime Merchant of India, c. 1500-1800 -- 5. Some Attitudes Among Eighteenth-century -- Merchants -- 6. The Changing Face of the Indian Maritime Merchant -- 7. Indian Merchants in the Age of Partnership, c. -- 1500-1800 -- 8. The Maritime City -- 9. Trade and Politics in Eighteenth-century India -- 10. The Indian Merchant and the Indian Ocean: -- 1500-1800 -- 11. India and the Indian Ocean in the Eighteenth -- Century -- 12. Europeans in India Before the Empire -- 13. The Moreland Hypothesis -- 14. The Vasco da Gama Epoch -- PART II -- 15. Some Problems of Reconstructing the History of -- India's West Coast from European Sources -- 16. India and the Western Indian Ocean at the Death of -- Akbar -- 17. Indian Merchants and the Western Indian Ocean: -- The Early Seventeenth Century -- 18. The Early Seventeenth-century Crisis in the Western -- Indian Ocean and the Rise of Gujarati Shipping in -- Early Eighteenth Century -- 19. The Merchants of Surat, c. 1700-1750 -- 20. A Note on the Ship-owning Merchants of Surat, c. -- 1700 -- 21. The Crisis in Surat, c. 1730-32 -- 22. Gujarati Merchants and the Red Sea Trade, -- 1700-1725 -- 23. The Broker in Mughal Surat, c. 1740 -- 24. Pieter Phoonsen of Surat, c. 1730-1740 -- 25. Malabar in c. 1740 -- 26. A Note on Out-Station Factories: Mocha Factory -- 27. Madras Commercial Records: An Experiment In -- Cuddalore -- 28. Studies in Madras Records: Trade in the Straits -- 29. Calcutta and the Indian Ocean in the Days of -- Rammohun Roy -- Bibliography -- Index.
650 0 _aMerchant ships
_zIndian Ocean
_xHistory.
650 0 _aMerchant marine
_zIndian Ocean
_xHistory.
650 0 _aTrade routes
_zIndian Ocean
_xHistory.
651 0 _aIndian Ocean
_xCommerce
_xHistory.
700 1 _aDasgupta, Uma.
856 4 1 _3Table of contents only
_uhttp://www.loc.gov/catdir/toc/fy02/2001361481.html
856 4 2 _3Publisher description
_uhttp://www.loc.gov/catdir/enhancements/fy0611/2001361481-d.html
906 _a7
_bcbc
_corigode
_d3
_encip
_f20
_gy-gencatlg
942 _2ddc
_cBK
_h387.509165
_iGUP/W
_k387.509165
_mGUP/W